| 000 | 00506 a2200169 4500 | ||
|---|---|---|---|
| 003 | OSt | ||
| 005 | 20240816154035.0 | ||
| 008 | 231019b |||||||| |||| 00| 0 eng d | ||
| 020 | _a9788193633427 | ||
| 040 | _coclc | ||
| 082 |
_a297 _bBEK/N |
||
| 100 |
_aBek, Muhammed Khudri _91844 |
||
| 245 |
_aNOORUL YAQEEN _bPravachaka Charithram / _cMuhammed Khudri Bek |
||
| 260 |
_aTirurangadi: _bAshrafi book centre, _c2013. |
||
| 300 | _a366 p | ||
| 942 |
_2ddc _cBK _h297 _iBEK/N _k297 _mBEK/N |
||
| 999 |
_c42626 _d42626 |
||